| 000 | 00431nam a22001337a 4500 | ||
|---|---|---|---|
| 020 | _a81-7758-184-8 | ||
| 082 | _a519.202462 JOH | ||
| 100 |
_aJOHNSON, RICHARD .A , GUPTA , C. B , MILLER , FREUNDS _963810 |
||
| 245 | _aMILLER AND FREUNDS PROBABILITY AND STATISTICS FOR ENGINEERS | ||
| 260 |
_aNEW DELHI _bPEARSON EDUCATION _c2006 |
||
| 300 | _aXII,645 P | ||
| 650 |
_aPROBABILITY AND STATISTICS FOR ENGINEERS _957427 |
||
| 942 | _cBK | ||
| 999 |
_c572523 _d572523 |
||